<?xml version="1.0" encoding="UTF-8"?>
<record
    xmlns:xsi="http://www.w3.org/2001/XMLSchema-instance"
    xsi:schemaLocation="http://www.loc.gov/MARC21/slim http://www.loc.gov/standards/marcxml/schema/MARC21slim.xsd"
    xmlns="http://www.loc.gov/MARC21/slim">

  <leader>01431nam0a22003371  4500</leader>
  <controlfield tag="001">rc\1848695</controlfield>
  <controlfield tag="005">20260510063133.0</controlfield>
  <datafield tag="035" ind1=" " ind2=" ">
    <subfield code="a">(NLR Aleph) 005285150</subfield>
  </datafield>
  <datafield tag="090" ind1=" " ind2=" ">
    <subfield code="a">6136697</subfield>
    <subfield code="c">6136698</subfield>
  </datafield>
  <datafield tag="100" ind1=" " ind2=" ">
    <subfield code="a">20080221d1909    |||y0rusy50      ca</subfield>
  </datafield>
  <datafield tag="101" ind1="1" ind2=" ">
    <subfield code="a">rus</subfield>
    <subfield code="c">ger</subfield>
  </datafield>
  <datafield tag="102" ind1=" " ind2=" ">
    <subfield code="a">RU</subfield>
  </datafield>
  <datafield tag="105" ind1=" " ind2=" ">
    <subfield code="a">a   z   |||||</subfield>
  </datafield>
  <datafield tag="200" ind1="1" ind2=" ">
    <subfield code="a">&#x41A;&#x43D;&#x438;&#x433;&#x430; &#x43F;&#x435;&#x441;&#x435;&#x43D; &#x413;. &#x413;&#x435;&#x439;&#x43D;&#x435;</subfield>
    <subfield code="e">&#x412; &#x43F;&#x435;&#x440;. &#x440;&#x443;&#x441;. &#x43F;&#x438;&#x441;&#x430;&#x442;&#x435;&#x43B;&#x435;&#x439;</subfield>
    <subfield code="f">&#x41F;&#x43E;&#x434; &#x440;&#x435;&#x434;. &#x41F;.&#x412;. &#x411;&#x44B;&#x43A;&#x43E;&#x432;&#x430;</subfield>
    <subfield code="g">&#x421; &#x43C;&#x43D;&#x43E;&#x433;&#x43E;&#x447;&#x438;&#x441;&#x43B;. &#x438;&#x43B;. &#x41F;. &#x422;&#x443;&#x43C;&#x430;&#x43D;&#x430;</subfield>
  </datafield>
  <datafield tag="210" ind1=" " ind2=" ">
    <subfield code="a">&#x421;&#x430;&#x43D;&#x43A;&#x442;-&#x41F;&#x435;&#x442;&#x435;&#x440;&#x431;&#x443;&#x440;&#x433;</subfield>
    <subfield code="c">&#x410;.&#x410;. &#x41A;&#x430;&#x441;&#x43F;&#x430;&#x440;&#x438;</subfield>
    <subfield code="d">[1909]</subfield>
  </datafield>
  <datafield tag="215" ind1=" " ind2=" ">
    <subfield code="a">156 &#x441;.</subfield>
    <subfield code="c">&#x438;&#x43B;.</subfield>
    <subfield code="d">23</subfield>
  </datafield>
  <datafield tag="300" ind1=" " ind2=" ">
    <subfield code="a">&#x418;&#x437;&#x434;. &#x432;&#x44B;&#x448;&#x43B;&#x43E; &#x432; 2 &#x432;&#x44B;&#x43F;.</subfield>
  </datafield>
  <datafield tag="311" ind1=" " ind2=" ">
    <subfield code="a">&#x411;&#x435;&#x441;&#x43F;&#x43B;. &#x43F;&#x440;&#x438;&#x43B;. &#x436;&#x443;&#x440;&#x43D;. "&#x420;&#x43E;&#x434;&#x438;&#x43D;&#x430;"</subfield>
  </datafield>
  <datafield tag="422" ind1=" " ind2="0">
    <subfield code="1">2001#$a&#x420;&#x43E;&#x434;&#x438;&#x43D;&#x430;</subfield>
    <subfield code="t">&#x420;&#x43E;&#x434;&#x438;&#x43D;&#x430;</subfield>
  </datafield>
  <datafield tag="532" ind1="1" ind2="0">
    <subfield code="a">&#x41A;&#x43D;&#x438;&#x433;&#x430; &#x43F;&#x435;&#x441;&#x435;&#x43D; &#x413;&#x435;&#x43D;&#x440;&#x438;&#x445;&#x430; &#x413;&#x435;&#x439;&#x43D;&#x435;</subfield>
  </datafield>
  <datafield tag="700" ind1=" " ind2="1">
    <subfield code="8">rus</subfield>
    <subfield code="7">ca</subfield>
    <subfield code="a">&#x413;&#x435;&#x439;&#x43D;&#x435;</subfield>
    <subfield code="b">&#x413;.</subfield>
    <subfield code="f">1797-1856</subfield>
    <subfield code="g">&#x413;&#x435;&#x43D;&#x440;&#x438;&#x445;</subfield>
    <subfield code="3">RU\NLR\AUTH\7718910</subfield>
    <subfield code="9">1986</subfield>
  </datafield>
  <datafield tag="702" ind1=" " ind2="1">
    <subfield code="4">340</subfield>
    <subfield code="8">rus</subfield>
    <subfield code="7">ca</subfield>
    <subfield code="a">&#x411;&#x44B;&#x43A;&#x43E;&#x432;</subfield>
    <subfield code="b">&#x41F;. &#x412;.</subfield>
    <subfield code="c">&#x43F;&#x438;&#x441;&#x430;&#x442;&#x435;&#x43B;&#x44C;</subfield>
    <subfield code="f">1843-1930</subfield>
    <subfield code="g">&#x41F;&#x435;&#x442;&#x440; &#x412;&#x430;&#x441;&#x438;&#x43B;&#x44C;&#x435;&#x432;&#x438;&#x447;</subfield>
    <subfield code="3">RU\NLR\AUTH\7755574</subfield>
    <subfield code="9">38506</subfield>
  </datafield>
  <datafield tag="702" ind1=" " ind2="1">
    <subfield code="4">440</subfield>
    <subfield code="8">rus</subfield>
    <subfield code="7">ca</subfield>
    <subfield code="a">&#x422;&#x443;&#x43C;&#x430;&#x43D;&#x43D;</subfield>
    <subfield code="b">&#x41F;.</subfield>
    <subfield code="c">&#x445;&#x443;&#x434;&#x43E;&#x436;&#x43D;&#x438;&#x43A;</subfield>
    <subfield code="f">1834-1908</subfield>
    <subfield code="g">&#x41F;&#x430;&#x443;&#x43B;&#x44C;</subfield>
    <subfield code="3">RU\NLR\AUTH\7774466</subfield>
    <subfield code="9">57394</subfield>
  </datafield>
  <datafield tag="801" ind1=" " ind2="0">
    <subfield code="a">RU</subfield>
    <subfield code="b">NLR</subfield>
    <subfield code="c">20080221</subfield>
    <subfield code="g">psbo</subfield>
  </datafield>
  <datafield tag="801" ind1=" " ind2="0">
    <subfield code="a">RU</subfield>
    <subfield code="b">RuMoRGB</subfield>
    <subfield code="c">20080221</subfield>
    <subfield code="2">psbo</subfield>
  </datafield>
  <datafield tag="801" ind1=" " ind2="1">
    <subfield code="a">RU</subfield>
    <subfield code="b">ProSoft-M</subfield>
    <subfield code="c">20080221</subfield>
    <subfield code="2">rusmarc</subfield>
  </datafield>
  <datafield tag="801" ind1=" " ind2="2">
    <subfield code="a">RU</subfield>
    <subfield code="b">NLR</subfield>
    <subfield code="c">20130417</subfield>
    <subfield code="2">rusmarc</subfield>
  </datafield>
  <datafield tag="852" ind1=" " ind2=" ">
    <subfield code="a">NLR</subfield>
    <subfield code="j">38.80.4.210(&#x432;&#x44B;&#x43F;. 1-2)</subfield>
  </datafield>
  <datafield tag="852" ind1=" " ind2=" ">
    <subfield code="a">NLR</subfield>
    <subfield code="j">131/2106</subfield>
  </datafield>
  <datafield tag="942" ind1=" " ind2=" ">
    <subfield code="c">BOOK</subfield>
  </datafield>
  <datafield tag="980" ind1=" " ind2=" ">
    <subfield code="a">NB</subfield>
  </datafield>
  <datafield tag="995" ind1=" " ind2=" ">
    <subfield code="5">2013-10-26</subfield>
    <subfield code="b">NLR02</subfield>
    <subfield code="c">NLR02</subfield>
    <subfield code="e">RFS</subfield>
    <subfield code="f">5285150-10</subfield>
    <subfield code="k">38.80.4.210(&#x432;&#x44B;&#x43F;. 1-2)</subfield>
    <subfield code="o">0</subfield>
    <subfield code="r">BOOK</subfield>
    <subfield code="s">38804210_12</subfield>
  </datafield>
  <datafield tag="995" ind1=" " ind2=" ">
    <subfield code="5">2013-10-26</subfield>
    <subfield code="b">NLR02</subfield>
    <subfield code="c">NLR02</subfield>
    <subfield code="e">RFS</subfield>
    <subfield code="f">5285150-20</subfield>
    <subfield code="k">131/2106</subfield>
    <subfield code="o">0</subfield>
    <subfield code="r">BOOK</subfield>
    <subfield code="s">1312106_</subfield>
  </datafield>
</record>
